Романовы. Династия в романах. Великий государь Федор Алексеевич (Запись № 343529)

Подробности
000 -МАРКЕР
контрольное поле 02198nam0a2200397 4500
001 - ИДЕНТИФИКАТОР ЗАПИСИ
контрольное поле RU\NLR\bibl\64455
005 - ИДЕНТИФИКАТОР ВЕРСИИ
контрольное поле 20250616092744.0
010 ## - МЕЖДУНАРОДНЫЙ СТАНДАРТНЫЙ НОМЕР КНИГИ (ISBN)
Номер (ISBN) 5-7632-0028-4
Тираж 90000
035 ## - ДРУГИЕ СИСТЕМНЫЕ НОМЕРА
Идентификатор записи (NLR Aleph) 000062900
100 ## - ДАННЫЕ ОБЩЕЙ ОБРАБОТКИ
Данные общей обработки 19991220d1995 |||y0rusy50 ca
101 0# - ЯЗЫК РЕСУРСА
Язык текста, звукозаписи и т.д. русский
102 ## - СТРАНА ПУБЛИКАЦИИ ИЛИ ПРОИЗВОДСТВА
Страна публикации Российская Федерация
105 ## - ПОЛЕ КОДИРОВАННЫХ ДАННЫХ: ТЕКСТОВЫЕ МАТЕРИАЛЫ, МОНОГРАФИЧЕСКИЕ
Кодированные данные о монографическом текстовом документе c |||||||||
200 1# - ЗАГЛАВИЕ И СВЕДЕНИЯ ОБ ОТВЕТСТВЕННОСТИ
Основное заглавие Великий государь Федор Алексеевич
Первые сведения об ответственности С. Мосияш
210 ## - ПУБЛИКАЦИЯ, РАСПРОСТРАНЕНИЕ И ДР.
Место издания, распространения и т.д. М.
Имя издателя, распространителя и т. д. АРМАДА
Дата издания, распространения и т.д. 1995
215 ## - ФИЗИЧЕСКАЯ ХАРАКТЕРИСТИКА
Специфическое обозначение материала и объем 567,[2] с.
Другие сведения о физической характеристике портр.
Размеры 21
225 1# - СЕРИЯ
Основное заглавие серии Романовы. Династия в романах
300 ## - ОБЩИЕ ПРИМЕЧАНИЯ
Текст примечания На обл. и суперобл. только загл. сер.: Романовы. Династия в романах: Федор Алексеевич
300 ## - ОБЩИЕ ПРИМЕЧАНИЯ
Текст примечания В вып. дан. авт. 2-го произведения: А.И. Лавинцев (Красницкий)
423 #0 - ИЗДАЕТСЯ В ОДНОЙ ОБЛОЖКЕ ВМЕСТЕ С ...
Встроенное поле 2001#$aЦарица-полячка$e[Романы]$fА. Лавинцев$g[К сб. в целом: Ред. и коммент. Л.Ю. Савельева]
-- 700#1$aКрасницкий$bА. И.$f1866-1917$gАлександр Иванович$4070$3RU\NLR\auth\772543
-- 210##$aМ.$d1995
-- 215##$aС. 377-557
Заглавие Царица-полячка
Автор Красницкий, Александр Иванович (1866-1917)
461 #0 - УРОВЕНЬ НАБОРА
Встроенное поле 2001#$aРомановы. Династия в романах$eФедор Алексеевич
Заглавие Романовы. Династия в романах
600 #0 - ИМЯ ЛИЦА КАК ПРЕДМЕТ
Начальный элемент ввода Федор Алексеевич
Даты 1661 - 1682
Тематический подзаголовок в художественной литературе
Системный номер авторитетной/нормативной записи 2144980
Идентификатор авторитетной/нормативной записи RU\NLR\auth\661292375
600 #0 - ИМЯ ЛИЦА КАК ПРЕДМЕТ
Начальный элемент ввода Федор Алексеевич
Дополнения к именам, кроме дат царь русский
Даты 1661 - 1682
Тематический подзаголовок в художественной литературе
Системный номер авторитетной/нормативной записи 2144985
Идентификатор авторитетной/нормативной записи RU\NLR\auth\661292378
686 ## - ИНДЕКСЫ ДРУГИХ КЛАССИФИКАЦИЙ
Индекс Ш6(2=Р)-94
700 #1 - ИМЯ ЛИЦА - ПЕРВИЧНАЯ ОТВЕТСТВЕННОСТЬ
Начальный элемент ввода Мосияш
Часть имени, кроме начального элемента ввода С. П.
Расширение инициалов личного имени Сергей Павлович
Код отношения Автор
801 #0 - ИСТОЧНИК ЗАПИСИ
Страна Российская Федерация
Организация NLR
Дата составления 19991220
Правила каталогизации PSBO
801 #1 - ИСТОЧНИК ЗАПИСИ
Страна Российская Федерация
Организация NLR
Дата составления 19991220
830 ## - ОБЩЕЕ ПРИМЕЧАНИЕ, СОСТАВЛЕННОЕ КАТАЛОГИЗАТОРОМ
Текст примечания Авт. по кн.
852 ## - МЕСТОНАХОЖДЕНИЕ И ШИФР ХРАНЕНИЯ
Идентификатор организации NLR
Шифр хранения (Call Number) 99-3/15934
942 ## - ДОПОЛНИТЕЛЬНЫЕ ЭЛЕМЕНТЫ ЗАПИСИ (АБИС)
Тип экземпляра АБИС Книга
980 ## - КОЛЛЕКЦИЯ
Название коллекции Национальная библиография
Экземпляры
Тип экземпляра Дата поступления Библиотека постоянного хранения Библиотека текущего хранения Место хранения Шифр хранения Штрих-код Статус экземпляра Источник поступления
Книга 26.10.2013 РНБ (Московский) РНБ (Московский) Русский книжный фонд: издания с 1957 года 99-3/15934 62900-10    
Книга 21.03.2014 РНБ (Садовая) РНБ (Садовая) Фонд научного зала литературы и искусства Нз Ш6(2=Р)/Р-695 1-302138   Подсобные фонды РНБ
Книга 07.07.2015 РНБ (Фонтанка) РНБ (Фонтанка) Юношеский читальный зал Ю С/М-81 1-117065   Источник неизвестен